[Event "Portoroz op 10th"]
[Site "Portoroz"]
[Date "2016.07.29"]
[Round "8"]
[White "Nedimovic, Ljubisa"]
[Black "Petran, Peter"]
[Result "0-1"]
[WhiteElo "2173"]
[BlackElo "2332"]
[PlyCount "58"]
[EventDate "2016.07.23"]
[EventType "swiss"]
[EventRounds "9"]
[EventCountry "SLO"]
[SourceTitle "CBM 173 Extra"]
[Source "ChessBase"]
[SourceDate "2016.08.29"]
[SourceVersion "1"]
[SourceVersionDate "2016.08.29"]
[SourceQuality "1"]

1. d4 g6 2. Nf3 Bg7 3. g3 d6 4. Bg2 c6 5. c4 f5 6. Nc3 Nh6 7. 0-0 0-0 8. d5 e5 9. dxe6 Bxe6 10. Qd3 Nf7 11. b3 Na6 12. Bb2 Nc5 13. Qd2 a5 14. Rad1 Re8 15. Nd4 Qb6 16. Ba3 Bd7 17. Rfe1 Rad8 18. Nf3 Ne4 19. Nxe4 fxe4 20. Nd4 e3 21. fxe3 Bh6 22. Kh1 Rxe3 23. Bxd6 Nxd6 24. Nc2 Nf7 25. Nxe3 Bxe3 26. Qc3 Bh6 27. Rd3 Bf5 28. Rxd8+ Qxd8 29. e4 Bd2 0-1

[Event "Ljubljana-chT 68th Superliga"]
[Site "Ljubljana"]
[Date "2015.02.19"]
[Round "6.1"]
[White "Orehek, Spela"]
[Black "Nedimovic, Ljubisa"]
[Result "1/2-1/2"]
[WhiteElo "2099"]
[BlackElo "2204"]
[PlyCount "90"]
[EventDate "2015.01.08"]
[EventType "team-tourn"]
[EventRounds "9"]
[EventCountry "SLO"]
[SourceTitle "EXT 2022"]
[Source "ChessBase"]
[SourceDate "2021.10.06"]
[SourceVersion "1"]
[SourceVersionDate "2021.10.06"]
[SourceQuality "1"]
[WhiteTeam "Domzale SD"]
[BlackTeam "Klinicni Center"]
[WhiteTeamCountry "SLO"]
[BlackTeamCountry "SLO"]

1. e4 e6 2. d4 d5 3. Nc3 Bb4 4. exd5 exd5 5. Bd3 Nc6 6. Nge2 Bg4 7. f3 Bh5 8. 0-0 Nge7 9. Bf4 Bd6 10. Qd2 a6 11. Rae1 Bg6 12. Nd1 0-0 13. c3 Bxd3 14. Qxd3 Ng6 15. Bg3 Nce7 16. Ne3 f5 17. Bxd6 Qxd6 18. f4 Kh8 19. g3 Qd7 20. Kg2 Ng8 21. Ng1 N6e7 22. Nf3 Nf6 23. Ne5 Qe6 24. Rc1 Rad8 25. Rfd1 Ne4 26. Qe2 c6 27. Rf1 Rg8 28. h4 Rgf8 29. Rf3 c5 30. Nc2 Nc6 31. Nxc6 Qxc6 32. dxc5 Rde8 33. Re3 Nxc3 34. Qf3 Rxe3 35. Nxe3 Nxa2 36. Rd1 Nb4 37. Nxd5 Qxc5 38. Nc3 Nc2 39. Kh3 b5 40. Qe2 Nb4 41. Qe6 h6 42. Rd2 Qg1 43. Qe7 Qh1+ 44. Rh2 Qf1+ 45. Rg2 Qh1+ 1/2-1/2

[Event "Ljubljana-chT 68th Superliga"]
[Site "Ljubljana"]
[Date "2015.01.15"]
[Round "2.2"]
[White "Nedimovic, Ljubisa"]
[Black "Pirnat, Saso"]
[Result "1/2-1/2"]
[WhiteElo "2204"]
[BlackElo "2129"]
[PlyCount "94"]
[EventDate "2015.01.08"]
[EventType "team-tourn"]
[EventRounds "9"]
[EventCountry "SLO"]
[SourceTitle "EXT 2022"]
[Source "ChessBase"]
[SourceDate "2021.10.06"]
[SourceVersion "1"]
[SourceVersionDate "2021.10.06"]
[SourceQuality "1"]
[WhiteTeam "Klinicni Center"]
[BlackTeam "Visnja Gora Sticna"]
[WhiteTeamCountry "SLO"]
[BlackTeamCountry "SLO"]

1. d4 d5 2. c4 Nc6 3. Nc3 e6 4. Nf3 Nf6 5. Bg5 Bb4 6. e3 h6 7. Bxf6 Qxf6 8. cxd5 exd5 9. Rc1 0-0 10. a3 Bxc3+ 11. Rxc3 Rd8 12. b4 a6 13. Be2 Bf5 14. 0-0 Rd6 15. Ne1 Qe7 16. Bd3 Be4 17. Qc1 Re8 18. Bxa6 Nxd4 19. exd4 Rxa6 20. Rxc7 Qe6 21. Qe3 Rc6 22. Rxc6 Qxc6 23. Nf3 Bxf3 24. Qxf3 Re4 25. Qd3 Qc4 26. Qxc4 dxc4 27. Rd1 b5 28. Kf1 f6 29. d5 Kf8 30. d6 Ke8 31. Rd5 Re5 32. Rc5 Kd7 33. f4 Re3 34. Rxb5 Rxa3 35. Rb7+ Kxd6 36. Rxg7 Ra2 37. Ke1 Kc6 38. Kd1 Rf2 39. g3 Rxh2 40. Rg6 Kb5 41. Rxf6 Kxb4 42. f5 Kc5 43. Rf8 Kd5 44. g4 Rf2 45. Rf6 Rf4 46. Rg6 h5 47. gxh5 Rxf5 1/2-1/2

[Event "SLO-CupT"]
[Site "Radenci"]
[Date "2014.05.04"]
[Round "7"]
[White "Nedimovic, Ljubisa"]
[Black "Tomazini, Zan"]
[Result "1/2-1/2"]
[WhiteElo "2264"]
[BlackElo "2286"]
[PlyCount "70"]
[EventDate "2014.05.02"]
[EventType "team-tourn"]
[EventRounds "7"]
[EventCountry "SLO"]
[SourceTitle "EXT 2019"]
[Source "ChessBase"]
[SourceDate "2018.10.10"]
[SourceVersion "1"]
[SourceVersionDate "2018.10.10"]
[SourceQuality "1"]
[WhiteTeam "Ilirska Bistrica Rimex"]
[BlackTeam "Slovenska Bistrica Impol"]
[WhiteTeamCountry "SLO"]
[BlackTeamCountry "SLO"]

1. d4 Nf6 2. Bg5 c5 3. Bxf6 gxf6 4. d5 Qb6 5. Qc1 f5 6. g3 Bh6 7. e3 d6 8. Bg2 Nd7 9. Ne2 Ne5 10. 0-0 0-0 11. Nd2 Qb4 12. Nf4 Ng6 13. c3 Qa4 14. b3 Qd7 15. a4 e5 16. dxe6 fxe6 17. c4 Kh8 18. Qd1 Rg8 19. Qh5 Nxf4 20. exf4 Qg7 21. Qh4 e5 22. Bd5 Bd7 23. Kh1 Bc6 24. Bxc6 bxc6 25. Rg1 Raf8 26. Rad1 exf4 27. gxf4 Qf6 28. Rxg8+ Kxg8 29. Qg3+ Kh8 30. Nf3 Qb2 31. Ng5 Bxg5 32. fxg5 f4 33. Qf3 Qe5 34. Qxc6 Qe2 35. Qxd6 Qf3+ 1/2-1/2

[Event "SLO-CupT"]
[Site "Radenci"]
[Date "2014.05.02"]
[Round "2"]
[White "Nedimovic, Ljubisa"]
[Black "Drnovsek, Gal"]
[Result "1-0"]
[WhiteElo "2264"]
[BlackElo "2212"]
[PlyCount "77"]
[EventDate "2014.05.02"]
[EventType "team-tourn"]
[EventRounds "7"]
[EventCountry "SLO"]
[SourceTitle "EXT 2019"]
[Source "ChessBase"]
[SourceDate "2018.10.10"]
[SourceVersion "1"]
[SourceVersionDate "2018.10.10"]
[SourceQuality "1"]
[WhiteTeam "Ilirska Bistrica Rimex"]
[BlackTeam "Tomo Zupan Vzajemna"]
[WhiteTeamCountry "SLO"]
[BlackTeamCountry "SLO"]

1. d4 d5 2. c4 e6 3. Nc3 Be7 4. Nf3 Nf6 5. Bg5 0-0 6. e3 h6 7. Bh4 b6 8. Be2 Bb7 9. 0-0 Nbd7 10. Rc1 c5 11. cxd5 Nxd5 12. Bg3 Rc8 13. Nxd5 exd5 14. dxc5 bxc5 15. Qa4 Bc6 16. Qa6 Qb6 17. b3 Rfd8 18. Ne5 Nxe5 19. Bxe5 Bd7 20. Rfd1 Be6 21. h3 Rc6 22. Qa3 Bf8 23. Qa4 Rcc8 24. Rc2 Be7 25. Rcd2 Bd6 26. Bc3 Bb8 27. Ba6 Qd6 28. f4 Rc6 29. Bb7 Rb6 30. Be5 Qe7 31. Bxd5 Bxe5 32. fxe5 Rb4 33. Qa5 Rxd5 34. Rxd5 Bxd5 35. Rxd5 Qg5 36. Qxc5 Re4 37. e6 Qxe3+ 38. Qxe3 Rxe3 39. Rd8+ 1-0

[Event "SLO-chT Central Superliga 14th"]
[Site "Slovenia"]
[Date "2013.11.21"]
[Round "8.2"]
[White "Nedimovic, Ljubisa"]
[Black "Gantar, Jan"]
[Result "1-0"]
[WhiteElo "2251"]
[BlackElo "2200"]
[PlyCount "75"]
[EventDate "2013.09.19"]
[EventType "team-tourn"]
[EventRounds "9"]
[EventCountry "SLO"]
[SourceTitle "EXT 2022"]
[Source "ChessBase"]
[SourceDate "2021.10.06"]
[SourceVersion "1"]
[SourceVersionDate "2021.10.06"]
[SourceQuality "1"]
[WhiteTeam "Srecko Kosovel"]
[BlackTeam "Komenda Popotnik"]
[WhiteTeamCountry "SLO"]
[BlackTeamCountry "SLO"]

1. d4 Nf6 2. Bg5 e6 3. e4 h6 4. Bxf6 Qxf6 5. c3 b6 6. Bd3 Bb7 7. Ne2 Qd8 8. 0-0 d6 9. f4 Nd7 10. Nd2 Be7 11. Rc1 0-0 12. Ng3 c5 13. Nf3 cxd4 14. cxd4 Rc8 15. Qe2 Rxc1 16. Rxc1 e5 17. fxe5 dxe5 18. d5 g6 19. Ba6 Bxa6 20. Qxa6 Bc5+ 21. Kh1 h5 22. Qxa7 h4 23. Nxh4 Qg5 24. Rf1 Nf6 25. Nf3 Qf4 26. b4 Be3 27. Ng1 Ng4 28. Rxf4 exf4 29. h3 Nf2+ 30. Kh2 fxg3+ 31. Kxg3 f5 32. Kf3 Bd4 33. e5 Nd3 34. e6 Bxg1 35. d6 Ne5+ 36. Ke2 Bh2 37. d7 Nc6 38. Qxb6 1-0

[Event "SLO-chT1 West"]
[Site "Ljubljana"]
[Date "2012.09.22"]
[Round "2.3"]
[White "Nedimovic, Ljubisa"]
[Black "Drnovsek, Gal"]
[Result "0-1"]
[WhiteElo "2247"]
[BlackElo "2225"]
[PlyCount "114"]
[EventDate "2012.09.21"]
[EventType "team-tourn"]
[EventRounds "9"]
[EventCountry "SLO"]
[SourceTitle "EXT 2022"]
[Source "ChessBase"]
[SourceDate "2021.10.06"]
[SourceVersion "1"]
[SourceVersionDate "2021.10.06"]
[SourceQuality "1"]
[WhiteTeam "Sezana"]
[BlackTeam "Kranj Tomo Zupan"]
[WhiteTeamCountry "SLO"]
[BlackTeamCountry "SLO"]

1. d4 d5 2. c4 e6 3. Nc3 Nf6 4. cxd5 exd5 5. Bg5 Be7 6. e3 c6 7. Nf3 Nbd7 8. Bd3 0-0 9. Qc2 Re8 10. 0-0 Nf8 11. h3 Be6 12. Rab1 a5 13. a3 N6d7 14. Bf4 Nb6 15. Na4 Nxa4 16. Qxa4 Qb6 17. Rfc1 Rec8 18. Ne5 Nd7 19. Nxd7 Bxd7 20. Qc2 g6 21. Qe2 a4 22. Qf3 Be6 23. Be5 Qd8 24. Rf1 b6 25. Rfd1 Ra7 26. Rbc1 Qe8 27. Bb1 Qf8 28. Ba2 f6 29. Bg3 Qf7 30. Rc3 Rd7 31. Qe2 Ra7 32. Rdc1 c5 33. Re1 c4 34. e4 dxe4 35. Qxe4 Bd5 36. Qe2 Bf8 37. Re3 Raa8 38. Bb1 b5 39. Be4 Bxe4 40. Rxe4 b4 41. axb4 Bxb4 42. Rd1 Qd5 43. Re6 Kf7 44. Re3 c3 45. bxc3 Rxc3 46. Qb2 Rxe3 47. fxe3 Be7 48. Ra1 f5 49. Be5 a3 50. Qa2 Qxa2 51. Rxa2 Ke6 52. Kf2 Kd5 53. Ke2 Kc4 54. Kd2 Kb3 55. Ra1 a2 56. d5 Rd8 57. Bd4 Ba3 0-1

[Event "SLO-chT2 West"]
[Site "Slovenia"]
[Date "2010.11.05"]
[Round "1.1"]
[White "Hajna, Jurij"]
[Black "Nedimovic, Ljubisa"]
[Result "1/2-1/2"]
[WhiteElo "2074"]
[BlackElo "2248"]
[PlyCount "120"]
[EventDate "2010.11.05"]
[EventType "team-tourn"]
[EventRounds "9"]
[EventCountry "SLO"]
[SourceTitle "EXT 2022"]
[Source "ChessBase"]
[SourceDate "2021.10.06"]
[SourceVersion "1"]
[SourceVersionDate "2021.10.06"]
[SourceQuality "1"]

1. d4 d5 2. g3 Nf6 3. Bg2 c6 4. Nf3 Bf5 5. 0-0 e6 6. Nbd2 h6 7. Ne5 Nbd7 8. Ndf3 Bd6 9. Bf4 Qc7 10. Nxd7 Nxd7 11. Bxd6 Qxd6 12. c3 0-0 13. Nh4 Bh7 14. f4 c5 15. e3 b5 16. Nf3 Rab8 17. a3 a5 18. dxc5 Qxc5 19. Qd4 Qc7 20. Nd2 Nb6 21. Rf2 Nc4 22. Nf1 Nd6 23. g4 Qc4 24. Qd1 b4 25. cxb4 axb4 26. Rc1 Qa6 27. Qb3 bxa3 28. Qxa3 Qb6 29. b3 Bd3 30. Re1 Bxf1 31. Rfxf1 Ra8 32. Qb2 Rab8 33. Qe5 Nb7 34. f5 Nc5 35. Qd4 Nxb3 36. Qf4 Qb4 37. fxe6 fxe6 38. Qg3 Nd2 39. Rxf8+ Rxf8 40. Rd1 Ne4 41. Qe5 Nc5 42. e4 dxe4 43. Rc1 Nd3 44. Qxe6+ Kh8 45. Rf1 Qd4+ 46. Kh1 Rxf1+ 47. Bxf1 Qd8 48. Qc4 Nf2+ 49. Kg2 Nxg4 50. Qxe4 Qd5 51. Qxd5 Ne3+ 52. Kg3 Nxd5 53. h4 g6 54. Bd3 Kg7 55. Bb1 Kf6 56. Bc2 Ne3 57. Bb1 Nf5+ 58. Kh3 Ke5 59. Bd3 Kf4 60. Bc2 Ne7 1/2-1/2

[Event "SLO-chT2 West"]
[Site "Kranj"]
[Date "2008.10.18"]
[Round "6.2"]
[White "Nedimovic, Ljubisa"]
[Black "Belamaric, Goran"]
[Result "0-1"]
[WhiteElo "2236"]
[BlackElo "2207"]
[PlyCount "66"]
[EventDate "2008.10.11"]
[EventType "team-swiss"]
[EventRounds "9"]
[EventCountry "SLO"]
[SourceTitle "EXT 2010"]
[Source "ChessBase"]
[SourceDate "2010.11.25"]
[SourceVersion "1"]
[SourceVersionDate "2010.11.25"]
[SourceQuality "1"]
[WhiteTeam "Sezana"]
[BlackTeam "Piran"]
[WhiteTeamCountry "SLO"]
[BlackTeamCountry "SLO"]

1. d4 Nc6 2. c4 e5 3. d5 Nce7 4. e4 Ng6 5. Nf3 Nf6 6. Qc2 Bc5 7. Be2 0-0 8. 0-0 d6 9. Nc3 a5 10. a3 Bd7 11. b3 c6 12. Rb1 Qc8 13. b4 axb4 14. axb4 Bd4 15. dxc6 bxc6 16. Bg5 Bxc3 17. Bxf6 Bxb4 18. Bxg7 Kxg7 19. Rxb4 c5 20. Rb2 Rb8 21. Rxb8 Qxb8 22. Rd1 Rd8 23. g3 Bc6 24. Nd2 Qc7 25. Nf1 Qb7 26. Bd3 Ne7 27. Ne3 Qd7 28. Bf1 Ba4 29. Qd2 Bxd1 30. Qxd1 Qe6 31. Qh5 Qg6 32. Qh4 f6 33. Bh3 Qg5 0-1

[Event "SLO-chT2 West"]
[Site "Kranj"]
[Date "2008.10.17"]
[Round "5.1"]
[White "Vrcon, Damijan"]
[Black "Nedimovic, Ljubisa"]
[Result "0-1"]
[WhiteElo "2215"]
[BlackElo "2236"]
[PlyCount "72"]
[EventDate "2008.10.11"]
[EventType "team-swiss"]
[EventRounds "9"]
[EventCountry "SLO"]
[SourceTitle "EXT 2010"]
[Source "ChessBase"]
[SourceDate "2010.11.25"]
[SourceVersion "1"]
[SourceVersionDate "2010.11.25"]
[SourceQuality "1"]
[WhiteTeam "Koper"]
[BlackTeam "Sezana"]
[WhiteTeamCountry "SLO"]
[BlackTeamCountry "SLO"]

1. e4 e6 2. d3 d5 3. Nd2 Nf6 4. Ngf3 c5 5. g3 Nc6 6. Bg2 Be7 7. 0-0 0-0 8. Re1 b5 9. e5 Nd7 10. Nf1 a5 11. h4 b4 12. N1h2 a4 13. Bg5 a3 14. b3 Ba6 15. Qd2 Rc8 16. Ng4 Re8 17. h5 Bxg5 18. Nxg5 h6 19. Nf3 Qe7 20. Qf4 Nd4 21. Nxd4 cxd4 22. Re2 Qc5 23. Nh2 Qc3 24. Rb1 Nc5 25. Rd2 Bxd3 26. Rxd3 Nxd3 27. cxd3 Qb2 28. Rf1 Qxa2 29. Ng4 Qe2 30. Qxd4 a2 31. Ra1 Rc3 32. Nf6+ gxf6 33. exf6 Rec8 34. Rxa2 Rc1+ 35. Kh2 Qxh5+ 36. Bh3 Rh1+ 0-1

[Event "SLO-chT2 West"]
[Site "Kranj"]
[Date "2008.10.12"]
[Round "3.2"]
[White "Hlad, Jadran"]
[Black "Nedimovic, Ljubisa"]
[Result "1-0"]
[WhiteElo "2133"]
[BlackElo "2236"]
[PlyCount "98"]
[EventDate "2008.10.11"]
[EventType "team-swiss"]
[EventRounds "9"]
[EventCountry "SLO"]
[SourceTitle "EXT 2010"]
[Source "ChessBase"]
[SourceDate "2010.11.25"]
[SourceVersion "1"]
[SourceVersionDate "2010.11.25"]
[SourceQuality "1"]
[WhiteTeam "Postojna"]
[BlackTeam "Sezana"]
[WhiteTeamCountry "SLO"]
[BlackTeamCountry "SLO"]

1. d4 d5 2. Nf3 Nf6 3. e3 a6 4. c4 c6 5. Nc3 b5 6. cxd5 cxd5 7. a3 Bg4 8. Be2 e6 9. Ne5 Bxe2 10. Qxe2 Nbd7 11. f4 Bd6 12. 0-0 0-0 13. Bd2 Nb6 14. Be1 Nfd7 15. Rf3 Re8 16. Rh3 Nf8 17. Qh5 Qc7 18. Ne2 Nc4 19. Rc1 Qb7 20. Rc2 Rac8 21. Bb4 Bxb4 22. axb4 Qe7 23. Nd3 Nd6 24. Nc5 Ne4 25. Nc3 Nf6 26. Qe2 Qd6 27. b3 N6d7 28. Ra2 Nb8 29. Nd1 f6 30. Qf3 Re7 31. Nc3 Rd8 32. Qh5 Qb6 33. Rf3 g6 34. Qh4 Kg7 35. Rf1 Nfd7 36. f5 gxf5 37. Ne2 Nxc5 38. bxc5 Qc6 39. Nf4 Nd7 40. Nh5+ Kf7 41. Nf4 Kg8 42. Rf3 Rg7 43. Nh5 Rg6 44. Rg3 Kf7 45. Nf4 Rxg3 46. hxg3 Rg8 47. Qxh7+ Rg7 48. Qh5+ Kg8 49. Qe8+ Kh7 1-0

[Event "SLO-chT2 West"]
[Site "Kranj"]
[Date "2008.10.11"]
[Round "2.2"]
[White "Nedimovic, Ljubisa"]
[Black "Dumpor, Atif"]
[Result "1/2-1/2"]
[WhiteElo "2236"]
[BlackElo "2398"]
[PlyCount "130"]
[EventDate "2008.10.11"]
[EventType "team-swiss"]
[EventRounds "9"]
[EventCountry "SLO"]
[SourceTitle "EXT 2010"]
[Source "ChessBase"]
[SourceDate "2010.11.25"]
[SourceVersion "1"]
[SourceVersionDate "2010.11.25"]
[SourceQuality "1"]
[WhiteTeam "Sezana"]
[BlackTeam "Podpec"]
[WhiteTeamCountry "SLO"]
[BlackTeamCountry "SLO"]

1. d4 Nf6 2. Bg5 d5 3. Bxf6 exf6 4. e3 Be6 5. Nd2 c5 6. Ne2 Nc6 7. c3 Bd6 8. dxc5 Bxc5 9. Nd4 0-0 10. Be2 f5 11. g3 Rc8 12. 0-0 g6 13. N2b3 Bb6 14. Bf3 Ne5 15. Bg2 h5 16. h4 Qf6 17. Ne2 Rfd8 18. Nf4 Nc4 19. Qe2 a5 20. a3 Bc7 21. Nh3 Be5 22. Rad1 Rc6 23. Nc1 Rb6 24. Nd3 Bc7 25. Ng5 Kg7 26. Nf3 Bd7 27. Nd4 Ba4 28. Rb1 Bc6 29. Rfd1 Re8 30. Qf3 Re4 31. Qe2 Re7 32. Qf3 Re8 33. Bh3 Ne5 34. Nxe5 Bxe5 35. Bg2 Ba4 36. Rd2 Bxd4 37. exd4 Bb3 38. Re2 Re4 39. Rxe4 fxe4 40. Qe2 Qf5 41. Re1 Qg4 42. Qd2 a4 43. Bf1 Re6 44. Qe3 Rf6 45. Be2 Qh3 46. Bf1 Qd7 47. Be2 b5 48. f4 exf3 49. Bxf3 Bc4 50. Qe5 Qc6 51. Be2 Qe6 52. Bxc4 bxc4 53. Kg2 Qxe5 54. dxe5 Rb6 55. Re2 Kf8 56. Kf3 Re6 57. Kf4 f6 58. Re3 Kf7 59. exf6 Rb6 60. Ke5 Rxb2 61. Kxd5 Kxf6 62. Rf3+ Ke7 63. Re3+ Kf6 64. Rf3+ Ke7 65. Ke4 Rb3 1/2-1/2

[Event "SLO-chT2 West"]
[Site "Kranj"]
[Date "2005.10.16"]
[Round "4.1"]
[White "Nedimovic, Ljubisa"]
[Black "Peranovic, Zdravko"]
[Result "1-0"]
[WhiteElo "2222"]
[BlackElo "1562"]
[PlyCount "57"]
[EventDate "2005.10.14"]
[EventType "team"]
[EventRounds "5"]
[EventCountry "SLO"]
[SourceTitle "EXT 2009"]
[Source "ChessBase"]
[SourceDate "2008.11.26"]
[SourceVersion "1"]
[SourceVersionDate "2008.11.26"]
[SourceQuality "1"]

1. d4 c6 2. c4 d5 3. Nc3 Nf6 4. e3 e6 5. Nf3 Bb4 6. Bd3 dxc4 7. Bxc4 b5 8. Bd3 Bb7 9. 0-0 Nbd7 10. e4 Bxc3 11. bxc3 h6 12. Ba3 a6 13. e5 Nd5 14. c4 Ne7 15. Nd2 c5 16. Ne4 Bxe4 17. Bxe4 Rc8 18. d5 Nxe5 19. Bb2 exd5 20. cxd5 Qd6 21. Qh5 N5g6 22. Bxg7 Rg8 23. Qxh6 Qf4 24. Rfe1 Qxh6 25. Bxh6 f5 26. Bxf5 Rd8 27. Bg5 Rxd5 28. Bxg6+ Rxg6 29. Bxe7 1-0

[Event "SLO-chT2 West"]
[Site "Kranj"]
[Date "2005.10.15"]
[Round "2.1"]
[White "Nedimovic, Ljubisa"]
[Black "Solmajer, Luka"]
[Result "0-1"]
[WhiteElo "2222"]
[BlackElo "2054"]
[PlyCount "76"]
[EventDate "2005.10.14"]
[EventType "team"]
[EventRounds "5"]
[EventCountry "SLO"]
[SourceTitle "EXT 2009"]
[Source "ChessBase"]
[SourceDate "2008.11.26"]
[SourceVersion "1"]
[SourceVersionDate "2008.11.26"]
[SourceQuality "1"]

1. d4 d5 2. Nf3 Bg4 3. c4 Bxf3 4. gxf3 e6 5. Nc3 Nf6 6. Bg5 dxc4 7. Qa4+ Nc6 8. 0-0-0 h6 9. Bh4 Qd7 10. e4 Be7 11. d5 Ne5 12. Nb5 0-0 13. dxe6 Qc6 14. exf7+ Rxf7 15. Bg3 a6 16. Nc3 b5 17. Qc2 Nxf3 18. Bg2 Ng4 19. Qe2 Raf8 20. Nd5 Bc5 21. Kb1 Qg6 22. Bh3 c6 23. Nc3 Nfe5 24. f4 Rxf4 25. Bxf4 Rxf4 26. Rhf1 Nf2 27. Rd8+ Kf7 28. Bf5 Qf6 29. Ra8 g6 30. Bc8 Nxe4 31. Rxf4 Nxc3+ 32. bxc3 Qxf4 33. Rxa6 Nd3 34. a4 Qc1+ 35. Ka2 Qa3+ 36. Kb1 Qb3+ 37. Ka1 Qxc3+ 38. Kb1 Qb3+ 0-1

[Event "Trieste op 07th"]
[Site "Trieste"]
[Date "2005.09.08"]
[Round "7"]
[White "Zufic, Miroslav"]
[Black "Nedimovic, Ljubisa"]
[Result "1/2-1/2"]
[WhiteElo "2391"]
[BlackElo "2217"]
[PlyCount "136"]
[EventDate "2005.09.04"]
[EventType "swiss"]
[EventRounds "9"]
[EventCountry "ITA"]
[SourceTitle "CBM 108 Extra"]
[Source "ChessBase"]
[SourceDate "2005.11.04"]
[SourceVersion "1"]
[SourceVersionDate "2005.11.04"]
[SourceQuality "1"]

1. e4 e6 2. d4 d5 3. Nc3 Bb4 4. e5 c5 5. dxc5 Ne7 6. Nf3 Nd7 7. Bd3 Nxc5 8. 0-0 Bd7 9. Ne2 Nxd3 10. Qxd3 Nf5 11. Ned4 Nxd4 12. Qxd4 Be7 13. Qg4 Kf8 14. Be3 h5 15. Qf4 g6 16. h4 Rc8 17. c3 Kg7 18. Bd4 Bb5 19. Rfe1 b6 20. Re3 a5 21. g3 a4 22. a3 Bc4 23. Kg2 Kf8 24. Rh1 Ke8 25. Ng5 Bxg5 26. hxg5 Rf8 27. g4 hxg4 28. Rh7 Rb8 29. Qxg4 Rb7 30. Qf4 Qe7 31. Qf6 Kd7 32. Qxe7+ Kxe7 33. f4 Rg8 34. Kf2 Kd8 35. Reh3 Kc8 36. Ke3 Kb8 37. Rh8 Rxh8 38. Rxh8+ Kc7 39. Kd2 Kc6 40. Rh7 Ba2 41. Kc2 Bb3+ 42. Kc1 Bc4 43. Kd2 Ba2 44. Rh1 Bc4 45. Ke3 Bb3 46. Kd2 Bc4 47. Ke3 Bb3 48. Kd2 Bc4 49. Rh6 Re7 50. Rh8 Rb7 51. Ke3 Bb3 52. Rc8+ Kd7 53. Rf8 Kc6 54. f5 Bc2 55. f6 Bb1 56. Re8 Rd7 57. Kd2 Ba2 58. Rf8 Bc4 59. Ra8 Bb3 60. Rb8 Rb7 61. Rd8 Rd7 62. Re8 Bc4 63. Ke3 Bb3 64. Rb8 Rb7 65. Rf8 Rd7 66. Kd2 Bc4 67. Rc8+ Rc7 68. Rd8 Rd7 1/2-1/2

[Event "Trieste op 07th"]
[Site "Trieste"]
[Date "2005.09.05"]
[Round "4"]
[White "Nedimovic, Ljubisa"]
[Black "Gyorkos, Lajos"]
[Result "0-1"]
[WhiteElo "2217"]
[BlackElo "2424"]
[PlyCount "92"]
[EventDate "2005.09.04"]
[EventType "swiss"]
[EventRounds "9"]
[EventCountry "ITA"]
[SourceTitle "CBM 108 Extra"]
[Source "ChessBase"]
[SourceDate "2005.11.04"]
[SourceVersion "1"]
[SourceVersionDate "2005.11.04"]
[SourceQuality "1"]

1. d4 Nf6 2. Nf3 g6 3. c4 Bg7 4. Nc3 0-0 5. e4 d6 6. g3 c5 7. Bg2 cxd4 8. Nxd4 Nc6 9. Nxc6 bxc6 10. 0-0 Be6 11. Qe2 Qc8 12. Bd2 Bh3 13. Rfe1 Bxg2 14. Kxg2 Nd7 15. Nd1 Nc5 16. Bc3 Ne6 17. Bxg7 Kxg7 18. Nc3 Nd4 19. Qd3 c5 20. b3 Qb7 21. Ne2 Nc6 22. Nf4 Kg8 23. h4 a5 24. h5 Ne5 25. Qe3 a4 26. Nd5 axb3 27. axb3 Rxa1 28. Rxa1 Ng4 29. Qg5 Nf6 30. Rh1 Nxd5 31. cxd5 f6 32. Qg4 Qc8 33. Qxc8 Rxc8 34. hxg6 hxg6 35. Ra1 Rb8 36. Ra3 Rb4 37. Kf3 f5 38. exf5 gxf5 39. Ra4 Rxb3+ 40. Ke2 Kg7 41. Rf4 Kg6 42. g4 fxg4 43. Rxg4+ Kf6 44. Re4 Rb4 45. Re6+ Kf7 46. Rh6 Re4+ 0-1

[Event "Trieste op 07th"]
[Site "Trieste"]
[Date "2005.09.04"]
[Round "2"]
[White "Nedimovic, Ljubisa"]
[Black "Lalic, Bogdan"]
[Result "1/2-1/2"]
[WhiteElo "2217"]
[BlackElo "2491"]
[PlyCount "22"]
[EventDate "2005.09.04"]
[EventType "swiss"]
[EventRounds "9"]
[EventCountry "ITA"]
[SourceTitle "CBM 108 Extra"]
[Source "ChessBase"]
[SourceDate "2005.11.04"]
[SourceVersion "1"]
[SourceVersionDate "2005.11.04"]
[SourceQuality "1"]

1. d4 Nf6 2. Bg5 e6 3. e4 h6 4. Bxf6 Qxf6 5. c3 d6 6. Bd3 Qg5 7. g3 e5 8. Nd2 Qe7 9. Ne2 h5 10. Qa4+ c6 11. 0-0-0 Qc7 1/2-1/2

[Event "Ljubljana op 16th"]
[Site "Ljubljana"]
[Date "2005.07.15"]
[Round "9"]
[White "Nedimovic, Ljubisa"]
[Black "Bratovic, Blaz"]
[Result "0-1"]
[WhiteElo "2217"]
[BlackElo "2350"]
[PlyCount "108"]
[EventDate "2005.07.09"]
[EventType "swiss"]
[EventRounds "9"]
[EventCountry "SLO"]
[SourceTitle "CBM 107 Extra"]
[Source "ChessBase"]
[SourceDate "2005.09.01"]
[SourceVersion "1"]
[SourceVersionDate "2005.09.01"]
[SourceQuality "1"]

1. d4 e6 2. Nf3 Nf6 3. e3 b6 4. Bd3 Bb7 5. Nbd2 d5 6. b3 Be7 7. Bb2 0-0 8. 0-0 c5 9. Ne5 Nc6 10. a3 Nxe5 11. dxe5 Ne4 12. Bxe4 dxe4 13. Qe2 f5 14. exf6 Bxf6 15. Bxf6 Qxf6 16. Qg4 Qf5 17. Qxf5 exf5 18. Rfd1 Rad8 19. Nc4 Bd5 20. Nb2 Be6 21. Rxd8 Rxd8 22. Rd1 Rxd1+ 23. Nxd1 Kf7 24. c4 Kf6 25. Nc3 Ke5 26. f4+ exf3 27. gxf3 g5 28. Kf2 Bd7 29. a4 Bc6 30. Kg3 f4+ 31. Kf2 fxe3+ 32. Kxe3 h6 33. Nd1 Bd7 34. Nf2 Bf5 35. Nd3+ Kf6 36. Kd2 Kg6 37. Ne5+ Kh5 38. Nc6 a6 39. Ne7 Be6 40. Ke3 Kh4 41. f4 Kg4 42. fxg5 hxg5 43. Ke4 Kh3 44. Ke5 Bg4 45. Kf6 Kh4 46. Nd5 Bd1 47. Nxb6 Bxb3 48. h3 a5 49. Nd7 Bxa4 50. Nxc5 Bc6 51. Ke5 Kxh3 52. Nd3 a4 53. c5 a3 54. Nb4 g4 0-1

[Event "Ljubljana op 16th"]
[Site "Ljubljana"]
[Date "2005.07.13"]
[Round "7"]
[White "Soln, Primoz"]
[Black "Nedimovic, Ljubisa"]
[Result "1-0"]
[WhiteElo "2351"]
[BlackElo "2217"]
[PlyCount "71"]
[EventDate "2005.07.09"]
[EventType "swiss"]
[EventRounds "9"]
[EventCountry "SLO"]
[SourceTitle "CBM 107 Extra"]
[Source "ChessBase"]
[SourceDate "2005.09.01"]
[SourceVersion "1"]
[SourceVersionDate "2005.09.01"]
[SourceQuality "1"]

1. d4 d5 2. c4 c6 3. Nc3 Nf6 4. Nf3 a6 5. Bg5 Ne4 6. Bf4 Nxc3 7. bxc3 dxc4 8. Ne5 b5 9. g3 Bb7 10. Bg2 e6 11. Rb1 Qc8 12. 0-0 Be7 13. e4 0-0 14. Qg4 f5 15. exf5 exf5 16. Qe2 Bd8 17. Rfe1 Nd7 18. Nxc6 Nf6 19. d5 Bxc6 20. dxc6 Ba5 21. a4 Bxc3 22. Rec1 Re8 23. Qf1 b4 24. Qxc4+ Qe6 25. Qxe6+ Rxe6 26. c7 Ne4 27. Rd1 Ree8 28. f3 Nc5 29. Bd6 Ne6 30. f4 Rac8 31. Bc6 Kf7 32. Bxe8+ Kxe8 33. Bxb4 Bd4+ 34. Rxd4 Nxd4 35. Re1+ Kd7 36. Rd1 1-0